000 01399nam a2200277 a 4500
003 BLK
005 20250519153506.0
008 210210b bu |||||r|||||||| ||bu d
020 _a9786192409722
040 _aBLK
041 _aBUL
_cBUL
080 _aПрофесии. Професионални проблеми - Видове професии, професионални групи. Професионално ориентиране и др. Подразделят се със съотношение (331.54:023 - Библиотекарска професия)
_b331.54
_x:087.5
_z331.54:087.5
_9237257
084 _aГ 63
245 _aГоляма книга на професиите
_bИзбери какъв да станеш
_cпрев. Диана Върголомова.
257 _aBGR
260 _aСофия
_bПАН
_c2022
_9209558
300 _a64 с.
_bс цв. ил.
_c30 см
380 _aDN
500 _aОриг. загл. Giant Book of Jobs. - Азбучен показалец на професиите с. 64
650 0 _9261304
_aПрофесии и видове труд
700 1 _950214
_aВърголомова, Диана Валериева
852 _bД
_cДН 33/Г 63
942 _cKNG
_n0
_s1
_04
944 _cСевдалина Тодорова
_k30549
_lВася Ганчева
_a30540
999 _c528970
_d528970